000 00486nam a2200193Ia 4500
005 20240823022121.0
008 240823s9999||||xx |||||||||||||| ||und||
020 _a0-471-04548-9
041 _aENGLISH
082 _A681.2 P3
100 _a"Dally,James W et al."
245 0 _aInstrumentation for Engineering Measurements
250 _a2nd
260 _c2003
_bJohn
500 _aYES
650 _aInstrumentation Measurement
_bInstrumentation
942 _cBK
999 _c178395
_d178395